00642nam a2200181 a 450000100100000000500170001000800410002704000250006810000320009324500640012526000290018930000210021850000420023959000480028104900090032995201050033899900170044300002708620200930030607.0110329s2004 dr c 000 0 spa d aDO-SdBNPbspacBNPHU1 aAlmanzar, Eugenio C.95416510aSan Francisco de Macorís íntimo /cEugenio C. Almanzar. a[Santo Domingo,c195-?]. a272 P. ;c23 cm. aIncluye notas al pie de las páginas aLa bibliteca posee un ejemplar autografiado aBNPD 0010718PDaPDbPDcCTd2011-03-29iLF1l0o p27086-10r2020-06-25w2020-06-25yLFPDZNo se presta c26578d26578